| 000 | 00451nam a2200169Ia 4500 | ||
|---|---|---|---|
| 008 | 090201s9999 xx 000 0 und d | ||
| 010 | _aKPL-13154 | ||
| 040 | _bइंग्रजी | ||
| 041 | _aइंग्रजी | ||
| 082 |
_a22579 _b13154 |
||
| 100 | _awinston graham | ||
| 245 |
_afortune is a woman _cwinston graham |
||
| 260 |
_c2004 _ba dragon book |
||
| 300 |
_a220 _bलहान |
||
| 600 | _afortune is a woman | ||
| 942 | _cBOOK | ||
| 999 |
_c222100 _d222100 |
||